000 00773nam a2200229 a 4500
001 000005765
005 20200929151756.0
008 810331s1988 uy 001 0 spa
040 _aDO-SdBNP
_bspa
_cBNPHU
082 _a701.17
_bF471a
100 1 _aFigari, Pedro,
_d1861-1938.
_916327
245 1 0 _aArte, estética, ideal /
_cPedro Figari ; prólogo, Arturo Ardao.
260 _aMontevideo, Uruguay :
_bMinisterio Educación y Cultura,
_c1988.
300 _a1 t. ; :
_b19 cm.
490 1 _aBiblioteca Artigas.
490 1 _aClásicos uruguayos
_v31
650 4 _aFilosofìa del arte
_916328
650 4 _aEstètica
_9653
700 1 _aArdao, Arturo,
_epról.
_916275
830 0 _aBiblioteca Artigas.
_pClásicos uruguayos ;
_v31.
_916276
910 _aCatalogación original
999 _c5561
_d5561